Who's Who in Central and Eastern Europe

Salvato in:
Dettagli Bibliografici
Natura: Libro
Lingua:inglese
Pubblicazione: Kingston Debrett's [1994]
Edizione:1. ed.
Soggetti:
Tags: Aggiungi Tag
Nessun Tag, puoi essere il primo ad aggiungerne!!

MARC

LEADER 00000nam a2200000 4500
001 c005426
005 20221214075532.3
041 0 |a eng 
044 |a US 
245 1 0 |a Who's Who in Central and Eastern Europe 
250 |a 1. ed. 
264 1 |a Kingston  |b Debrett's  |c [1994] 
300 |a 96 s. 
610 2 0 |a stredná Európa 
610 2 0 |a východná Európa 
610 2 0 |a obchod zahraničný 
610 2 0 |a vláda 
610 2 0 |a manažéri 
610 2 0 |a informácie ekonomické